Culture générale : Géographie en E - Statistiques

Statistiques générales
  • Ce quiz a été pris 88 fois
  • Le résultat moyen est 14 sur 20
Statistiques - réponses
Question Réponse % Correct
Mer portant le nom du père de Thésée Mer Egée
96%
Pays d’origine du quintuple vainqueur du tour de France Miguel Indurain Espagne
95%
Pays qui a pour capitale Quito Équateur
92%
Deuxième pays d’Afrique en population derrière le Nigéria Éthiopie
92%
Pays où se trouve une des sept merveilles du monde antique Égypte
90%
Plus haut volcan actif en Europe Etna
90%
Lors du tournoi des Six Nations, l’hymne national de ce pays est joué à la cornemuse depuis le toit du Murrayfield Stadium Écosse
88%
Mont dont le français Kilian Jornet l’a gravi en 26 heures sans oxygène. Le mont Everest
87%
Pays qui possède la centrale nucléaire la plus puissante États-Unis
86%
Capitale de l’Arménie Erevan
81%
Pays enclavé en Afrique du Sud Eswatini
81%
Île où Napoléon Bonaparte a été exilé Île d'Elbe
79%
Pays où se déroule le dernier grand prix de F1 chaque saison Émirats Arabes Unis
68%
Nom d’un fromage et nom d’un arrondissement administratif du canton de Berne en Suisse. Emmental
66%
Marécage mondialement connu en Floride Le Parc national des Everglades
65%
Ville se situant aux Pays Bas, berceau de Philips Eindhoven
49%
Cap passé pour la première fois en 1487 par le portugais Bartomoleu Dias Cap de Bonne-Espérance
43%
Ville où se situe le temple d’Artémis, une des 7 merveilles du monde antique Éphèse
38%
Archipel volcanique en Sicile Îles Éoliennes
16%
Calotte glacière recouvrant un massif volcanique en Islande Eyjafjallajökull
14%
Aucun quiz correspondant
Distribution des résultats
% des personnes avec chaque résultat
Percentile par nombre de réponses
Votre historique - résultats
Vous n’avez pas pris ce quiz